Östlichster Ort in jedem Bundesland - Statistiken

Allgemein
  • Dieses Quiz wurde 20 mal gespielt
  • Das Durchschnittsergebnis liegt bei 3 aus 13
Antwortstatistiken
Bundesland Ort % Korrekt
Schleswig-Holstein Fehmarn
56%
Nordrhein-Westfalen Höxter
56%
Saarland Homburg
44%
Niedersachsen Schnackenburg
33%
Sachsen-Anhalt Annaburg
22%
Sachsen Neißeaue
22%
Baden-Württemberg Dischingen
17%
Rheinland-Pfalz Altrip
11%
Hessen Wanfried
11%
Mecklenburg-Vorpommern Nadrensee
6%
Bayern Neureichenau
6%
Brandenburg Neiße-Malxetal
0%
Thüringen Nobitz
0%
Keine übereinstimmenden Quizze gefunden
Verteilung der Resultate
Anzahl Personen mit jedem Resultat
Perzentil nach korrekt beantworteten Fragen
Ihre Resultats-Entwicklung
Sie haben dieses Quiz noch nicht gespielt